CLOHERTY AND STARK'S MANUAL OF NEONATAL CARE (Record no. 14914)

MARC details
000 -LEADER
fixed length control field 00360nam a22001577a 4500
003 - CONTROL NUMBER IDENTIFIER
control field SGT
020 ## - INTERNATIONAL STANDARD BOOK NUMBER
International Standard Book Number 978-93-86691-85-9
082 ## - DEWEY DECIMAL CLASSIFICATION NUMBER
Classification number 618.92
Item number C17E
100 ## - MAIN ENTRY--PERSONAL NAME
Personal name EICHENWALD,ERIC.C.
245 ## - TITLE STATEMENT
Title CLOHERTY AND STARK'S MANUAL OF NEONATAL CARE
250 ## - EDITION STATEMENT
Edition statement 8TH
260 ## - PUBLICATION, DISTRIBUTION, ETC. (IMPRINT)
Place of publication, distribution, etc NEW YORK
Name of publisher, distributor, etc WOLTERS
Year of Publication 2017
300 ## - PAGE DESCRIPTION
No. of Pages 1069
650 ## - SUBJECT ADDED ENTRY--TOPICAL TERM
Topical term or geographic name as entry element AYURVEDA
942 ## - ADDED ENTRY ELEMENTS (KOHA)
Source of classification or shelving scheme Dewey Decimal Classification
Koha item type Books
Holdings
Withdrawn status Lost status Source of classification or shelving scheme Damaged status Not for loan Collection code Home library Current library Shelving location Date acquired Vendor Name Cost, normal purchase price SGTU Bill Number Total Checkouts Full call number Accession No. (Barcode) Date last seen Bill Date Koha item type Use restrictions
    Dewey Decimal Classification     AYURVEDA SGT FA-FP Library SGT FA-FP Library Text Book 30/01/2018 AHUJA PUB 925.00 SGTU 9136   618.92 C17E FA8035 30/01/2018 04/01/2018 Books  
    Dewey Decimal Classification     AYURVEDA SGT FA-FP Library SGT FA-FP Library Text Book 30/01/2018 AHUJA PUB 925.00 SGTU 9136   618.92 C17E FA8036 30/01/2018 04/01/2018 Books  
    Dewey Decimal Classification     AYURVEDA SGT FA-FP Library SGT FA-FP Library Reference Book 30/01/2018 AHUJA PUB 925.00 SGTU 9136   618.92 C17E FA8037 30/01/2018 04/01/2018 Books Restricted Access